| Tag |
First Indicator |
Second Indicator |
Subfields |
| LEADER |
00000cam a2200000 4500 |
| 001 |
in00000052987 |
| 005 |
20151007080355.0 |
| 008 |
760129s1942 nyu 00110 engm |
| 010 |
|
|
|a 42007270
|
| 035 |
|
|
|a (OCoLC)01953306
|
| 035 |
|
|
|9 AAF4706AM
|
| 040 |
|
|
|a DLC
|c ZIH
|d ZIH
|d TXA
|d UtOrBLW
|
| 049 |
|
|
|a TXAM
|c [108179]
|
| 090 |
|
|
|a B821
|b .R437
|
| 092 |
|
|
|a 144
|b R375n
|
| 100 |
1 |
|
|a Reiser, Oliver Leslie,
|d 1895-1974.
|
| 245 |
1 |
2 |
|a A new earth and a new humanity /
|c by Oliver L. Reiser.
|
| 264 |
|
1 |
|a New York :
|b Creative Age Press,
|c 1942.
|
| 300 |
|
|
|a xiv, 252 pages ;
|c 21 cm.
|
| 336 |
|
|
|a text
|b txt
|2 rdacontent
|
| 337 |
|
|
|a unmediated
|b n
|2 rdamedia
|
| 338 |
|
|
|a volume
|b nc
|2 rdacarrier
|
| 650 |
|
0 |
|a Humanism
|x History
|y 20th century.
|
| 650 |
|
0 |
|a Science
|x Philosophy.
|
| 650 |
|
0 |
|a Civilization.
|
| 999 |
|
|
|a MARS
|
| 999 |
f |
f |
|s be3cb819-be64-3f7c-a30b-b6d6dcc0db6c
|i 9eb24909-4bb4-3636-b1db-28696790c931
|t 0
|
| 952 |
f |
f |
|p normal
|a Texas A&M University
|b College Station
|c Sterling C. Evans Library
|d Evans: Library Stacks
|t 0
|e B821 .R437
|h Library of Congress classification
|i unmediated -- volume
|m A14800518717
|
| 998 |
f |
f |
|a B821 .R437
|t 0
|l Evans: Library Stacks
|